<?xml version="1.0" encoding="UTF-8"?>
<marc:record xmlns:marc="http://www.loc.gov/MARC21/slim">
   <marc:leader>00000nam a2200000 a 4500</marc:leader>
   <marc:datafield ind1="1" ind2=" " tag="100">
      <marc:subfield code="a">Allers, Roger</marc:subfield>
      <marc:subfield code="4">drt</marc:subfield>
      <marc:subfield code="e">Regisseur/-in</marc:subfield>
   </marc:datafield>
   <marc:datafield ind1="1" ind2=" " tag="100">
      <marc:subfield code="a">Minkoff, Rob</marc:subfield>
      <marc:subfield code="4">drt</marc:subfield>
      <marc:subfield code="e">Regisseur/-in</marc:subfield>
   </marc:datafield>
   <marc:datafield ind1=" " ind2=" " tag="653">
      <marc:subfield code="a">Zeichentrickfilm / DVD</marc:subfield>
   </marc:datafield>
   <marc:datafield ind1=" " ind2=" " tag="653">
      <marc:subfield code="a">Abenteuer / DVD</marc:subfield>
   </marc:datafield>
   <marc:datafield ind1=" " ind2=" " tag="653">
      <marc:subfield code="a">Tiere / DVD</marc:subfield>
   </marc:datafield>
   <marc:datafield ind1=" " ind2=" " tag="653">
      <marc:subfield code="a">Englisch / Sprachausgabe</marc:subfield>
   </marc:datafield>
   <marc:datafield ind1=" " ind2=" " tag="653">
      <marc:subfield code="a">Italienisch / Sprachausgabe</marc:subfield>
   </marc:datafield>
   <marc:datafield ind1=" " ind2=" " tag="653">
      <marc:subfield code="a">Türkisch / Sprachausgabe</marc:subfield>
   </marc:datafield>
   <marc:datafield ind1="0" ind2="0" tag="245">
      <marc:subfield code="a">Der König der Löwen 1</marc:subfield>
   </marc:datafield>
   <marc:datafield ind1=" " ind2="1" tag="264">
      <marc:subfield code="a">München</marc:subfield>
      <marc:subfield code="b">Walt Disney Studios Home Entertainment</marc:subfield>
      <marc:subfield code="c">2018</marc:subfield>
   </marc:datafield>
   <marc:datafield ind1="1" ind2=" " tag="490">
      <marc:subfield code="a">Disney Classics</marc:subfield>
      <marc:subfield code="v">Teil 1</marc:subfield>
   </marc:datafield>
   <marc:datafield ind1="1" ind2=" " tag="520">
      <marc:subfield code="a">Kurzbeschreibung&#xD;
Walt Disneys Meilenstein der Filmgeschichte und mit Auszeichnungen überhäuftes Meisterwerk ist der weltweit erfolgreichste Zeichentrickfilm aller Zeiten! Von der grandiosen Eröffnung bis zum atemberaubenden Finale wird wirklich jeder in seinen Bann gezogen.&#xD;
&#xD;
Der Wind über der weiten Steppe, farbenprächtige Sonnenuntergänge und die sternenklaren Nächte Afrikas - das ist die bildgewaltige Kulisse, vor der sich das Schicksal des Löwenjungen Simba erfüllt. Unter der Obhut seines Vaters Mufasa wächst er unbeschwert heran und soll eines Tages dessen Platz als König einnehmen. Aber bis dahin ist es ein langer Weg, der Simbas ganzen Mut erfordert. Stets begleitet von seinen witzigen Freunden Timon und Pumbaa und deren urgemütlicher Lebensphilosophie "Hakuna Matata", muss Simba sich seiner größten Herausforderung stellen: dem Kampf mit dem hinterhältigen Scar um die Herschaft über das "geweihte Land"...&#xD;
&#xD;
&#xD;
&#xD;
Bonusmaterial:&#xD;
Hinter den Kulissen von "Der König der Löwen" mit Don Hahn;&#xD;
&#xD;
VideoMarkt&#xD;
Löwenkönig Mufasa stellt den Tieren seinen Sohn Simba als kommenden Nachfolger vor. Simbas böser Onkel ist davon wenig angetan: Im Verbund mit den Hyänen tötet er Mufasa und schiebt Simba die Schuld in die Schuhe. Der flieht aus dem Reich und läßt sich von der Meerkatze Timon und dem Warzenschwein Pumbaa in der Kunst des Nichtstun unterrichten, um die Vergangenheit abzuschütteln. Doch Simba kann seine Herkunft nicht verleugnen und stellt sich schließlich dem Tyrannen Scar.</marc:subfield>
   </marc:datafield>
   <marc:datafield ind1=" " ind2=" " tag="041">
      <marc:subfield code="a">ger</marc:subfield>
   </marc:datafield>
   <marc:datafield ind1=" " ind2=" " tag="338">
      <marc:subfield code="a">Videodisk</marc:subfield>
   </marc:datafield>
   <marc:datafield ind1=" " ind2=" " tag="300">
      <marc:subfield code="a">1 DVD</marc:subfield>
   </marc:datafield>
</marc:record>
